000 00711nam a2200289Ia 4500
005 20260324144147.0
008 008 260324s9999 xx 000 0 eng d
020 _a9780203168585
037 _aEBOOK
040 _aCRL
040 _beng
040 _cCRL
041 _2eng
041 _aeng
084 _qCRL
100 _aF.W. Boal; D.N. Livingstone
_91218311
245 4 _aThe Behavioural Environment
245 0 _bEssays in Reflection, Application and Re-evaluation
260 _bTaylor and Francis
260 _c1989
365 _a
365 _b315
856 _uhttp://www.taylorfrancis.com/books/9780203168585
942 _cEBOOK
999 _c1824561
_d1824561